00512nam a2200193 a 4500001001300000003000900013005001700022008004100039020001000080082001800090100002800108245004700136260003600183300001000219500003500229505001000264650001600274700002800290nice12345678IN_TiNIC20260116011403.0050524s1933 laha grp 000 0 eng  ac10000a297.0954bSMI aSmith Wilfred, Cantwell aModern Islam in Indiab a Social Analysis. aLahorebMinerva Book Shopc1933 a399p. aincludes index and biblioraphy2 aIndex aIslam-India1 aSmith Wilfred, Cantwell